famous Chris' - Statistics

General Stats
  • This quiz has been taken 32 times
  • The average score is 10 of 20
Answer Stats
Picture Answer % Correct
Chris hemsworth
100%
Chris Evans
93%
Chris Evans
93%
Chris Pratt
83%
Chris Pine
76%
Chris Martin
66%
Christopher Walken
66%
Christopher Reeve
62%
Chris Brown
52%
Christopher Lloyd
52%
Christopher Plummer
48%
Christopher Lee
45%
Christopher Nolan
38%
Chris Noth
28%
Christopher Marlowe
17%
Chris sarandon
14%
Chris Colfer
10%
Chris packham
7%
Christopher Eccleston
7%
Christopher Guest
7%
No matching quizzes found
Score Distribution
Percent of People with Each Score
Percentile by Number Answered
Your Score History
You have not taken this quiz